Rebuilding the world economy: America's role in foreign trade and investment,/ (Record no. 2993)
[ view plain ]
| 000 -LEADER | |
|---|---|
| fixed length control field | 01191cam a22003131 4500 |
| 001 - CONTROL NUMBER | |
| control field | 2993 |
| 003 - CONTROL NUMBER IDENTIFIER | |
| rucl marc code | BD-RjUL |
| 005 - DATE AND TIME OF LATEST TRANSACTION | |
| control field | 20211208233645.0 |
| 008 - FIXED-LENGTH DATA ELEMENTS--GENERAL INFORMATION | |
| fixed length control field | 131217s19481947nyua b 001 0 eng |
| 035 ## - SYSTEM CONTROL NUMBER | |
| System control number | (BD-RjUL)3021 |
| System control number | (OCoLC)239377 |
| 040 ## - CATALOGING SOURCE | |
| Original cataloging agency | DLC |
| Transcribing agency | ODaWU |
| Modifying agency | OCoLC |
| -- | DLC |
| Language of cataloging | eng |
| 041 ## - LANGUAGE CODE | |
| Language code of text/sound track or separate title | eng |
| 082 ## - DEWEY DECIMAL CLASSIFICATION NUMBER | |
| Classification number | 382 |
| Edition number | 16 |
| Author mark and year | REB 1948 |
| 110 2# - MAIN ENTRY--CORPORATE NAME | |
| Corporate name or jurisdiction name as entry element | Twentieth Century Fund. |
| Subordinate unit | Committee on Foreign Economic Relations. |
| 9 (RLIN) | 9541 |
| 245 10 - TITLE STATEMENT | |
| Title | Rebuilding the world economy: America's role in foreign trade and investment,/ |
| Statement of responsibility, etc. | Norman S. Buchanan and Friedrich A. Lutz; with the report and recommendations of the Committee on Foreign Economic Relations. |
| 260 ## - PUBLICATION, DISTRIBUTION, ETC. (IMPRINT) | |
| Place of publication, distribution, etc. | New York : |
| Name of publisher, distributor, etc. | Twentieth Century Fund, |
| Date of publication, distribution, etc. | 1947.[REPRINTED 1948] |
| 300 ## - PHYSICAL DESCRIPTION | |
| Pagination | xiii, 434 p. |
| Illustrations | diagrs. |
| Size | 24 cm. |
| 504 ## - BIBLIOGRAPHY, ETC. NOTE | |
| Bibliography, etc | Bibliography: p. 415-421. |
| 526 ## - STUDY PROGRAM INFORMATION NOTE | |
| Requested Dept. | Economics |
| 650 #0 - SUBJECT ADDED ENTRY--TOPICAL TERM | |
| Topical term or geographic name as entry element | Commercial policy. |
| 9 (RLIN) | 6899 |
| Topical term or geographic name as entry element | Investments, Foreign. |
| 9 (RLIN) | 9536 |
| 651 #0 - SUBJECT ADDED ENTRY--GEOGRAPHIC NAME | |
| Geographic name | United States |
| General subdivision | Commercial policy. |
| 9 (RLIN) | 8618 |
| 700 1# - ADDED ENTRY--PERSONAL NAME | |
| Personal name | Buchanan, Norman S. |
| Fuller form of name | (Norman Sharpe), |
| Dates associated with a name | 1905-1958. |
| Personal name | Lutz, Friedrich A. |
| Fuller form of name | (Friedrich August), |
| Dates associated with a name | 1901- |
| 942 ## - ADDED ENTRY ELEMENTS (KOHA) | |
| Source of classification or shelving scheme | Dewey Decimal Classification |
| Koha item type | Books |
| Lost status | Source of classification or shelving scheme | Damaged status | Not for loan | Collection code | Permanent Location | Current Location | Shelving location | Date acquired | Source of acquisition | Cost, normal purchase price | Total Checkouts | Full call number | Date last seen | Copy number | Koha item type |
|---|---|---|---|---|---|---|---|---|---|---|---|---|---|---|---|
| Dewey Decimal Classification | Not For Loan | Non-fiction | Central Library, University of Rajshahi | Central Library, University of Rajshahi | 05/11/1956 | B. H. Blackwell | 1.02 | 382 REB 1948 | 17/12/2013 | C-1 | Books |